000
00297nam a2200109Ia 4500
008
200302s9999 xx 000 0 und d
100
_a
Ramalakshmi R. & Others
245
_a
Essays in Architectural Theory and Design
260
_b
Cept University Press Ahmedabad
260
_c
2013
300
_a
117 P.,
999
_c
3186
_d
3186